1020 1546 1452 1954 1270 1328 1973 1591 1143 1544 1573 1297 1875 1408 1223 1418 1474 1344 1568 1939 1276 1759 1670 1283 1284 1291 1594 1705 1392 1124 1674 1860 1507 1072 1502 1913 1278 1026 1021 1761 1137 1163 1641 1199 1982 1649 1867 1803 1713 1448 1888 1994 1032 1114 1329 1359 1928 1197 1390 1603 1721 1027 1761 1961 1707 1689 1770 1760 1702 1857 1750 1497 1739 1246 1090 1501 1100 1398 1359 1334 1767 1660 1705 1340 1294 1437 1414 1722 1628 1282 1817 1529 1312 1779 1284 1737 1136 1589 1817 BCNSPRNW ULIB Ver.6.0+V

เปลี่ยนเป็นภาษาไทย

Change to English
 แสดงรายละเอียดบรรณานุกรม
  กลับหน้าหลัก

Brief Record : Get Marc (ISO 2709) : E-mail record : QR code < ปิดหน้าต่าง
LEADER : 00000nam a2200000Ia 4500
001    13399128301
003     ULIB
008    170206s2559 th a 001 0 tha d
020    ^a9786168010150
040    ^abpy
060 04 ^aQZ4^bอ335พ
100 0  ^aอรพินท์ สีขาว
245 10 ^aพยาธิสรีรวิทยา :^bสำหรับนักศึกษาพยาบาลและวิทยาศาสตร์สุขภาพ /^cอรพินท์ สีขาว
250    ^aพิมพ์ครั้งที่ 6
260    ^aสมุทรปราการ :^bโครงการสำนักพิมพ์มหาวิทยาลัยหัวเฉียวเฉลิมพระเกียรติ,^c2565
300    ^aก-ฉ, 589 หน้า :^bภาพประกอบ ;^c30 ซม.
504    ^aมีบรรณานุกรมและดัชนี
536    ^aตำราเล่มนี้ได้รับทุนอุดหนุนจากมหาวิทยาลัยหัวเฉียวเฉลิมพระเกียรติโครงการสำนักพิมพ์มหาวิทยาลัยหัวเฉียวเฉลิมพระเกียรติ
650  2 ^aNursing
650  2 ^aPhysiology
650  2 ^aHeredity
650  4 ^aการพยาบาล
650  4 ^aสรีรวิทยา
650  4 ^aพันธุกรรม
710 2  ^aโครงการสำนักพิมพ์มหาวิทยาลัยหัวเฉียวเฉลิมพระเกียรติ
710 2  ^aมหาวิทยาลัยหัวเฉียวเฉลิมพระเกียรติ.^bคณะพยาบาลศาสตร์
910    ^aSend to UC
945    ^p280^l0^i29506
945    ^p280^l0^i29507
945    ^p280^l0^i29508
945    ^p280^l0^i29509
945    ^p280^l0^i29510
945    ^p280^l0^i29511
945    ^p280^l0^i29512
945    ^p280^l0^i29513
945    ^p280^l0^i29514
945    ^p280^l0^i29515
995    ^aกัณชพร จุลอักษร
999    ^aกัณชพร
รายการนี้ยังไม่มีแท็ก
คุณยังไม่ได้ล็อกอิน คุณสามารถมีกิจกรรมร่วมกับเว็บไซต์ได้ แต่ต้องล็อกอินก่อน ::
  ล็อกอิน

รายการสื่อสารสนเทศ

ลำดับที่ ประเภท เลขเรียก/บาร์โค้ด สถานที่ สถานะ
1. วิทยาศาสตร์การแพทย์ และสุขภาพ
วิทยาศาสตร์การแพทย์ และสุขภาพ
QZ4 อ335พ ฉ.1 
  Barcode: 29506
ห้องสมุดวิทยาเขตนครสวรรค์
►หนังสือทั่วไป:l:General Books
บนชั้น
2. วิทยาศาสตร์การแพทย์ และสุขภาพ
วิทยาศาสตร์การแพทย์ และสุขภาพ
QZ4 อ335พ ฉ.10 
  Barcode: 29515
ห้องสมุดวิทยาเขตนครสวรรค์
►หนังสือทั่วไป:l:General Books
ถูกยืม กำหนดส่งวันที่ 23 มีนาคม 2569
  จอง
3. วิทยาศาสตร์การแพทย์ และสุขภาพ
วิทยาศาสตร์การแพทย์ และสุขภาพ
QZ4 อ335พ ฉ.2 
  Barcode: 29507
ห้องสมุดวิทยาเขตนครสวรรค์
►หนังสือทั่วไป:l:General Books
บนชั้น
4. วิทยาศาสตร์การแพทย์ และสุขภาพ
วิทยาศาสตร์การแพทย์ และสุขภาพ
QZ4 อ335พ ฉ.3 
  Barcode: 29508
ห้องสมุดวิทยาเขตนครสวรรค์
►หนังสือทั่วไป:l:General Books
บนชั้น
5. วิทยาศาสตร์การแพทย์ และสุขภาพ
วิทยาศาสตร์การแพทย์ และสุขภาพ
QZ4 อ335พ ฉ.4 
  Barcode: 29509
ห้องสมุดวิทยาเขตนครสวรรค์
►หนังสือทั่วไป:l:General Books
ถูกยืม กำหนดส่งวันที่ 13 พฤษภาคม 2569
  จอง
6. วิทยาศาสตร์การแพทย์ และสุขภาพ
วิทยาศาสตร์การแพทย์ และสุขภาพ
QZ4 อ335พ ฉ.5 
  Barcode: 29510
ห้องสมุดวิทยาเขตนครสวรรค์
►หนังสือทั่วไป:l:General Books
บนชั้น
7. วิทยาศาสตร์การแพทย์ และสุขภาพ
วิทยาศาสตร์การแพทย์ และสุขภาพ
QZ4 อ335พ ฉ.6 
  Barcode: 29511
ห้องสมุดวิทยาเขตนครสวรรค์
►หนังสือทั่วไป:l:General Books
บนชั้น
8. วิทยาศาสตร์การแพทย์ และสุขภาพ
วิทยาศาสตร์การแพทย์ และสุขภาพ
QZ4 อ335พ ฉ.7 
  Barcode: 29512
ห้องสมุดวิทยาเขตนครสวรรค์
►หนังสือทั่วไป:l:General Books
บนชั้น
9. วิทยาศาสตร์การแพทย์ และสุขภาพ
วิทยาศาสตร์การแพทย์ และสุขภาพ
QZ4 อ335พ ฉ.8 
  Barcode: 29513
ห้องสมุดวิทยาเขตนครสวรรค์
►หนังสือทั่วไป:l:General Books
บนชั้น
10. วิทยาศาสตร์การแพทย์ และสุขภาพ
วิทยาศาสตร์การแพทย์ และสุขภาพ
QZ4 อ335พ ฉ.9 
  Barcode: 29514
ห้องสมุดวิทยาเขตนครสวรรค์
►หนังสือทั่วไป:l:General Books
ถูกยืม กำหนดส่งวันที่ 14 พฤษภาคม 2569
  จอง

รายการใกล้เคียง
    ผู้แต่ง [อรพินท์ สีขาว]

    หัวเรื่อง [Nursing]
    หัวเรื่อง [Physiology]
    หัวเรื่อง [Heredity]
    หัวเรื่อง [การพยาบาล]
    หัวเรื่อง [สรีรวิทยา]
    หัวเรื่อง [พันธุกรรม]

BibComment


ยังไม่เคยถูกคอมเมนท์

คอมเมนท์ทรัพยากรรายการนี้
  คอมเมนท์: พยาธิสรีรวิทยา ..


 Copyright 2026. Bcnsprnw @Library